What Are These People Called? - Statistics

General Stats
  • This quiz has been taken 10 times
  • The average score is 8 of 11
Answer Stats
Country What they are called % Correct
Afghanistan Afghan
100%
Albania Albanian
100%
Algeria Algerian
100%
Australia Australian/Aussie
100%
Austria Austrian
100%
Armenia Armenian
90%
Andorra Andorran
80%
Angola Angolan
70%
Argentina Argentine/Argentinean
50%
Azerbaijan Azebaijani
10%
Antigua and Barbuda Antiguan and Barbudans
0%
No matching quizzes found
Score Distribution
Percent of People with Each Score
Percentile by Number Answered
Your Score History
You have not taken this quiz